ბათუმის შოთა რუსთაველის სახელმწიფო უნივერსიტეტის ბიბლიოთეკა

ხანისწყლის პირას (ბიბ.ჩანაწერი № 43039)

000 -LEADER
fixed length control field 00929nam a2200229Ia 4500
001 - CONTROL NUMBER
control field 9759
003 - CONTROL NUMBER IDENTIFIER
control field GE_BSU
008 - FIXED-LENGTH DATA ELEMENTS--GENERAL INFORMATION
fixed length control field 181216s||||||||xx |||||||||||||| ||und||
040 ## - CATALOGING SOURCE
Transcribing agency GE_BSU
080 ## - UNIVERSAL DECIMAL CLASSIFICATION NUMBER
Universal Decimal Classification number 821.353.1-4
100 ## - MAIN ENTRY--PERSONAL NAME
Personal name ნუცუბიძე,ლ. სამხარაძე,გ. სანიკიძე,ლ. უბილავა,ე.
245 ## - TITLE STATEMENT
Title ხანისწყლის პირას
245 ## - TITLE STATEMENT
Remainder of title მხატვრული ნარკვევების კრებული
245 ## - TITLE STATEMENT
Statement of responsibility, etc. რედ. კ.ლორთქიფანიძე.მხატვრ.შ.დოლიძე
260 ## - PUBLICATION, DISTRIBUTION, ETC.
Place of publication, distribution, etc. თბილისი
260 ## - PUBLICATION, DISTRIBUTION, ETC.
Name of publisher, distributor, etc. ნაკადული
260 ## - PUBLICATION, DISTRIBUTION, ETC.
Date of publication, distribution, etc. 1973
300 ## - PHYSICAL DESCRIPTION
Extent 199გვ.ილ.21სმ.
653 ## - INDEX TERM--UNCONTROLLED
Uncontrolled term მხატვრული ნარკვევების კრებული
653 ## - INDEX TERM--UNCONTROLLED
Uncontrolled term ხანისწყლის პირას
942 ## - ADDED ENTRY ELEMENTS (KOHA)
Koha item type წიგნი
ეგზემპლარები
Withdrawn status Lost status Damaged status Not for loan Date acquired Barcode Date last seen Price effective from Koha item type
        2018-12-17 32844 2018-12-17 2018-12-17 წიგნი